000 00684nam a2200253Ia 4500
003 OSt
005 20221006143259.0
006 a|||||r|||| 00| 0
007 ta
008 221006b |||||||| |||| 00| 0 eng d
020 _c454.50
024 _a8,537
037 _cTextual
040 _aEASL
_cEASL
_beng
041 _2eng
_aeng
082 _aX.1.N80, M1
100 _aNicol Davidson, etc. Ed.
_9649554
245 0 _aRegionalism and the new international economic order
260 _aNew York
_bPergamon Press
_c1981
300 _a387p.
_ccm.
490 _v Oth
942 _hX.1.N80, M1
_cTEXL
_2CC
999 _c1076623
_d1076623